UBT Library

A troubleshooting guide for writers : (Record no. 40044)

000 -LEADER
fixed length control field 00690cam a2200217 a 4500
001 - CONTROL NUMBER
control field 13428343
005 - DATE AND TIME OF LATEST TRANSACTION
control field 20180110083939.0
008 - FIXED-LENGTH DATA ELEMENTS--GENERAL INFORMATION
fixed length control field 031208s2004 mau 001 0 eng
010 ## - LIBRARY OF CONGRESS CONTROL NUMBER
LC control number 2003068635
020 ## - INTERNATIONAL STANDARD BOOK NUMBER
International Standard Book Number 0072876891 (acidfree paper)
040 ## - CATALOGING SOURCE
Original cataloging agency DLC
Transcribing agency DLC
Modifying agency DLC
041 ## - LANGUAGE CODE
Language code of text/sound track or separate title eng
080 ## - UNIVERSAL DECIMAL CLASSIFICATION NUMBER
Universal Decimal Classification number 808.042 CLO
082 00 - DEWEY DECIMAL CLASSIFICATION NUMBER
Classification number 808.042 CLO
Edition number 22
100 1# - Rafti
Rafti 46
101 ## - Shkurtesa
Shkurtesa EDU
245 12 - TITLE STATEMENT
Title A troubleshooting guide for writers :
Statement of responsibility, etc Barbara Fine Clouse.
906 ## - LOCAL DATA ELEMENT F, LDF (RLIN)
a 7
b cbc
c orignew
d 1
e ocip
f 20
g y-gencatlg
942 ## - ADDED ENTRY ELEMENTS (KOHA)
Source of classification or shelving scheme
Item type Books
Holdings
Withdrawn status Lost status Source of classification or shelving scheme Damaged status Not for loan Collection code Permanent location Current location Shelving location Date acquired Total Checkouts Full call number Barcode Date last seen Price effective from Koha item type
          Koleksioni i përgjithshem UBT - Lipjan UBT - Lipjan Koleksioni i përgjithshem 01/10/2018   808.042 CLO 002-2995073 01/10/2018 01/10/2018 Books
UBT Library © 2015-2024. All rights reserved University Education for Business and Technology